Vietnamci požadují japonskou kvalitu za české ceny
Skúsenosti autora článku získané počas jeho pobytu a z marketingového prieskumu vo Vietname. Prezentácia firiem na veľtrhoch v Hanoji. Porovnávanie výhod ponúkaných produktov s konkurenciou. Požiadavka na vysokú kvalitu a nízku cenu. Propagačný materiál vo vietnamčine. Rokovací jazyk angličtina. Pot...
Saved in:
| Main Author: | |
|---|---|
| Format: | Book Chapter |
| Language: | Czech |
| Subjects: | |
| Tags: |
No Tags, Be the first to tag this record!
|
MARC
| LEADER | 00000naa$a2200000$$$4500 | ||
|---|---|---|---|
| 001 | 0058286 | ||
| 005 | 20231016105808.8 | ||
| 041 | 0 | |a cze | |
| 044 | |a CZ | ||
| 245 | 1 | 0 | |a Vietnamci požadují japonskou kvalitu za české ceny |c Marcel Winter |
| 520 | |a Skúsenosti autora článku získané počas jeho pobytu a z marketingového prieskumu vo Vietname. Prezentácia firiem na veľtrhoch v Hanoji. Porovnávanie výhod ponúkaných produktov s konkurenciou. Požiadavka na vysokú kvalitu a nízku cenu. Propagačný materiál vo vietnamčine. Rokovací jazyk angličtina. Potreba vzoriek ponúkaného produktu. Prieskum trhu. | ||
| 610 | 2 | 0 | |a trh zahraničný |
| 610 | 2 | 0 | |a obchod zahraničný |
| 610 | 2 | 0 | |a marketing |
| 610 | 2 | 0 | |a rokovania obchodné |
| 610 | 2 | 0 | |a veľtrhy |
| 610 | 2 | 0 | |a Vietnam |
| 100 | 1 | |a Winter, Marcel | |